000 00822nam a22002777a 4500
001 9353
003 FISKH
005 20251211145740.0
008 251211b cb ||||| |||| 00| 0 eng d
020 _a0307039226
040 _aFISKH
_beng
_cFISKH
_dFISKH
050 _aPN6371.A4
082 _a818.5402
100 _aAlley, R. W.
_eAuthor
245 _aThe silly riddle book /
_cwith pictures by R. W. Alley
260 _aNew York :
_bMerrigold Press ,
_c1981
300 _a24 unnumbered pages :
_bcolor illustrations ;
_c21 cm
505 _aJ
520 _aA collection of riddles such as: "What kind of ears do engines have? Engineers."
521 8 _a500
_bLexile estimate
521 8 _aJ
_bRaz-Plus
650 _aJokes
_vRiddles
650 _aGood stories
_vHumor
942 _2ddc
_cBK
_n0
999 _c9353
_d9353